| 000 | 00875cam a22002533a 4500 | ||
|---|---|---|---|
| 001 | 35752 | ||
| 003 | PGUSA | ||
| 005 | 20140828083753.0 | ||
| 008 | 110402s2011||||xxu|||||s|||||000 | eng d | ||
| 040 |
_aPGUSA _beng |
||
| 042 | _adc | ||
| 050 | 4 | _aSH | |
| 100 | 1 |
_aBlacker, W. _q(William) |
|
| 245 | 1 | 0 |
_aBlacker's Art of Fly Making, &c. : _bComprising Angling, and Dyeing of Colours, with Engravings of Salmon and Trout Flies _h[electronic resource] / _cW. Blacker |
| 260 |
_bProject Gutenberg, _c2011 |
||
| 506 | _aPublic domain in the USA. | ||
| 516 | _aElectronic text | ||
| 653 | _aFishing | ||
| 653 | _aFlies, Artificial | ||
| 740 | 0 | _aBlacker's Art of Fly Making, Etc. Comprising Angling, and Dyeing of Colours, with Engravings of Salmon and Trout Flies | |
| 830 | 0 |
_aProject Gutenberg _v35752 |
|
| 856 | 4 | 0 | _uhttp://www.gutenberg.org/ebooks/35752 |
| 942 | _cEB | ||
| 999 |
_c265007 _d265007 |
||